000 01092nam a22003257a 4500
003 CHAP
005 20220329134022.0
008 971013s1965 r 00010 d
010 _a14177
011 _a15149
035 _a19223
040 _cCHAP
090 _aTesis
100 0 0 _aTello Castro, León.
_9112098
245 _aResultados de cría artificial de abejas reinas en el municipio de Ahualulco de Mercado, Jalisco
260 _aMéxico, D. F. :
_bEl autor,
_c1965
300 _a17 h.
502 _aTesis (Médico Veterinario Zootecnista) -- UNAM. Escuela Nacional de Medicina Veterinaria y Zootecnia
590 _aALEPH
_b10
_c20130110
_lUCH01
_h1235
590 _aBATCH-UPD
_b10
_c20130109
_lUCH01
_h2322
590 _aBATCH-UPD
_b10
_c20130110
_lUCH01
_h1105
590 _aBATCH-UPD
_b10
_c20130410
_lUCH01
_h0657
590 _aBATCH-UPD
_b10
_c20130914
_lUCH01
_h2043
590 _aCONVERSION
_b10
_c20130109
_lUCH01
_h1309
650 1 4 _aAbejas reina.
_9196
650 1 4 _aApicultura
_xJalisco.
_96265
901 _aBK
942 _cTESIS
949 _bBC
_cTES
_d-44579
_eTS1
_i19223
_si
999 _c14177
_d14177